Vízre bocsátották a "Szeged"-et új magyar hajó hordozza városunk nevét a világ tengerein
Elmentve itt :
| Dokumentumtípus: | Cikk |
|---|---|
| Megjelent: |
1962-10-28
|
| Sorozat: | Délmagyarország
52 No. 253 |
| Kulcsszavak: | Biczó György, Korek Józsefné, Hajóavatás Angyalföld 1962, hajózás |
| Online Access: | http://dmarchiv.bibl.u-szeged.hu/69806 |
| LEADER | 00530nab a2200145 i 4500 | ||
|---|---|---|---|
| 001 | delm69806 | ||
| 005 | 20180927153803.0 | ||
| 008 | 180927s1962 hu o 0|| hun d | ||
| 040 | |a SZTE Délmagyarország Archívum |b hun | ||
| 041 | |a hun | ||
| 245 | 0 | 0 | |a Vízre bocsátották a "Szeged"-et |h [elektronikus dokumentum] : |b új magyar hajó hordozza városunk nevét a világ tengerein |
| 260 | |c 1962-10-28 | ||
| 300 | |a 5 | ||
| 490 | 0 | |a Délmagyarország |v 52 No. 253 | |
| 695 | |a Biczó György, Korek Józsefné, Hajóavatás Angyalföld 1962, hajózás | ||